[Event "FICGS W-ch st1 gM 01 email"]
[Site "FICGS email"]
[Date "2023.07.04"]
[Round "1"]
[White "Ligon, Scott"]
[Black "Gray, Garvin"]
[Result "1/2-1/2"]
[WhiteElo "2366"]
[BlackElo "2311"]
[PlyCount "50"]
[EventDate "2023.??.??"]
[EventType "tourn (corr)"]
[EventRounds "6"]
[EventCategory "1"]
[SourceTitle "Corr 2024"]
[Source "ChessBase"]
[SourceDate "2023.10.19"]
[SourceVersion "1"]
[SourceVersionDate "2023.10.19"]
[SourceQuality "1"]

1. e4 c5 2. b4 cxb4 3. a3 e5 4. Nf3 Nc6 5. Bb2 Qb6 6. Bd3 d6 7. 0-0 Nf6 8. c3 bxa3 9. Nxa3 Be7 10. Nc4 Qd8 11. Ne3 0-0 12. h3 Re8 13. c4 Bf8 14. Bc2 Bd7 15. d4 a6 16. Rb1 a5 17. Nd5 Nxd5 18. exd5 Nb4 19. dxe5 Nxc2 20. Qxc2 dxe5 21. Nxe5 a4 22. Bd4 Bc8 23. Qd3 Qg5 24. Rbe1 f6 25. f4 Qh4 1/2-1/2

[Event "FICGS rapid SM 000027 email"]
[Site "FICGS email"]
[Date "2022.12.12"]
[Round "1"]
[White "Ligon, Scott"]
[Black "Gray, Garvin"]
[Result "1/2-1/2"]
[WhiteElo "2303"]
[BlackElo "2304"]
[PlyCount "62"]
[EventDate "2022.??.??"]
[EventType "tourn (rapid)"]
[EventRounds "1"]
[SourceTitle "Corr 2024"]
[Source "ChessBase"]
[SourceDate "2023.10.19"]
[SourceVersion "1"]
[SourceVersionDate "2023.10.19"]
[SourceQuality "1"]

1. e4 e5 2. f4 exf4 3. Bc4 Nc6 4. Nf3 g5 5. d4 Bg7 6. h4 h6 7. Nc3 d6 8. Qd3 Bg4 9. Bb5 Kf8 10. Bxc6 bxc6 11. Bd2 Ne7 12. 0-0-0 Ng6 13. Ne2 Bxf3 14. Qxf3 Nxh4 15. Rxh4 gxh4 16. Nxf4 Qf6 17. Kb1 Kg8 18. Bc3 Rb8 19. g3 hxg3 20. Qxg3 Kh7 21. Nh5 Qg6 22. Qh2 Rhg8 23. Rh1 Bh8 24. Nf4 Qf6 25. e5 dxe5 26. dxe5 Qg5 27. Nd3 Rg6 28. Qf2 Rf8 29. Bb4 Rfg8 30. Qxf7+ R8g7 31. Qf8 Rd7 1/2-1/2

[Event "FICGS W-ch st2 g01 email"]
[Site "FICGS email"]
[Date "2022.11.15"]
[Round "1"]
[White "Mesquita Jr, Fausto Monteiro"]
[Black "Gray, Garvin"]
[Result "1/2-1/2"]
[WhiteElo "2305"]
[BlackElo "2304"]
[PlyCount "45"]
[EventDate "2022.??.??"]
[EventType "tourn (corr)"]
[EventRounds "6"]
[SourceTitle "Corr 2024"]
[Source "ChessBase"]
[SourceDate "2023.10.19"]
[SourceVersion "1"]
[SourceVersionDate "2023.10.19"]
[SourceQuality "1"]

1. Nf3 c5 2. c4 Nf6 3. Nc3 Nc6 4. g3 d5 5. d4 e6 6. cxd5 exd5 7. Bg2 Be7 8. 0-0 0-0 9. Bg5 c4 10. e3 Be6 11. Nd2 Rc8 12. b3 Na5 13. Bxf6 Bxf6 14. Rc1 Be7 15. bxc4 Nxc4 16. Nxc4 Rxc4 17. Ne2 Rxc1 18. Qxc1 g5 19. Qb1 Qd7 20. f4 Bg4 21. Nc3 gxf4 22. Nxd5 fxe3 23. Qe4 1/2-1/2

[Event "FICGS W-ch st1 gM 01 email"]
[Site "FICGS email"]
[Date "2022.03.14"]
[Round "1"]
[White "Gray, Garvin"]
[Black "Rita, Giacomo"]
[Result "1/2-1/2"]
[WhiteElo "2321"]
[BlackElo "2371"]
[PlyCount "51"]
[EventDate "2022.??.??"]
[EventType "tourn (corr)"]
[EventRounds "6"]
[EventCategory "1"]
[SourceTitle "Corr 2024"]
[Source "ChessBase"]
[SourceDate "2023.10.19"]
[SourceVersion "1"]
[SourceVersionDate "2023.10.19"]
[SourceQuality "1"]

1. e4 c5 2. Nf3 d6 3. d4 cxd4 4. Nxd4 Nf6 5. Nc3 a6 6. Be2 e5 7. Nb3 Be7 8. Be3 Be6 9. Qd3 0-0 10. 0-0 Nbd7 11. a4 Rc8 12. a5 Qc7 13. Rfd1 h6 14. Bf3 Bc4 15. Qd2 Rfe8 16. g3 Be6 17. Qe2 Rb8 18. Nd2 b5 19. axb6 Nxb6 20. Rxa6 Nc4 21. Ra7 Qc8 22. Nxc4 Bxc4 23. Qd2 Rxb2 24. Na4 Ra2 25. Nb6 Qc6 26. Nxc4 1/2-1/2

[Event "FICGS W-ch st2 g02 email"]
[Site "FICGS email"]
[Date "2022.03.05"]
[Round "1"]
[White "Gray, Garvin"]
[Black "Maceda, Coco"]
[Result "1/2-1/2"]
[WhiteElo "2321"]
[BlackElo "2217"]
[PlyCount "73"]
[EventDate "2022.??.??"]
[EventType "tourn (corr)"]
[EventRounds "6"]
[SourceTitle "Corr 2024"]
[Source "ChessBase"]
[SourceDate "2023.10.19"]
[SourceVersion "1"]
[SourceVersionDate "2023.10.19"]
[SourceQuality "1"]

1. d4 d5 2. c4 e6 3. Nc3 Nf6 4. cxd5 exd5 5. Bg5 c6 6. e3 Bf5 7. Qf3 Bg6 8. Bxf6 Qxf6 9. Qxf6 gxf6 10. h4 h5 11. Kd2 Nd7 12. Nh3 a5 13. Bd3 Bd6 14. g3 a4 15. Rhe1 Kd8 16. Rec1 Ke7 17. b3 axb3 18. axb3 f5 19. Ne2 Ba3 20. Rcb1 Nf6 21. Kd1 Bd6 22. Nhf4 Kd7 23. Bc2 Ne4 24. f3 Bxf4 25. gxf4 Nd6 26. Bd3 Kc7 27. Nc3 Rhb8 28. Rc1 Kd8 29. Ra4 Rxa4 30. Nxa4 Ra8 31. Rc2 Nc8 32. Ra2 Ne7 33. Ke2 Kc7 34. Nc3 Rxa2+ 35. Nxa2 f6 36. Kf2 b6 37. b4 1/2-1/2

[Event "FICGS W-ch final email"]
[Site "FICGS email"]
[Date "2021.07.27"]
[Round "1"]
[White "Gray, Garvin"]
[Black "Markus, Roland"]
[Result "1/2-1/2"]
[WhiteElo "2290"]
[BlackElo "2312"]
[PlyCount "37"]
[EventDate "2021.??.??"]
[EventType "tourn (corr)"]
[EventRounds "6"]
[EventCategory "5"]
[SourceTitle "Corr 2024"]
[Source "ChessBase"]
[SourceDate "2023.10.19"]
[SourceVersion "1"]
[SourceVersionDate "2023.10.19"]
[SourceQuality "1"]

1. d4 Nf6 2. c4 e6 3. Nc3 Bb4 4. e3 0-0 5. Bd3 d5 6. Nf3 dxc4 7. Bxc4 c5 8. 0-0 cxd4 9. exd4 b6 10. Qe2 Bb7 11. Bg5 Nbd7 12. Ne5 Bxc3 13. bxc3 Rc8 14. Rac1 Nxe5 15. dxe5 Rc5 16. Bd3 h6 17. Bh4 g5 18. Bg3 Qd5 19. f4 1/2-1/2

[Event "FICGS W-ch st1 gM 01 email"]
[Site "FICGS email"]
[Date "2021.07.11"]
[Round "1"]
[White "Gray, Garvin"]
[Black "Mesquita Jr, Fausto Monteiro"]
[Result "1-0"]
[WhiteElo "2290"]
[BlackElo "2333"]
[PlyCount "91"]
[EventDate "2021.??.??"]
[EventType "tourn (corr)"]
[EventRounds "6"]
[EventCategory "1"]
[SourceTitle "Corr 2024"]
[Source "ChessBase"]
[SourceDate "2023.10.19"]
[SourceVersion "1"]
[SourceVersionDate "2023.10.19"]
[SourceQuality "1"]

1. e4 e6 2. d4 d5 3. Nd2 Nf6 4. e5 Nfd7 5. c3 b6 6. Qg4 c5 7. Ndf3 g6 8. h4 h6 9. Nh3 Qe7 10. a3 Nc6 11. Bd3 a5 12. 0-0 Ba6 13. Bxa6 Rxa6 14. Be3 Ra8 15. Nh2 h5 16. Qg3 Qd8 17. Bg5 Ne7 18. Qf4 b5 19. Nf3 c4 20. g3 Rg8 21. Rfb1 Qc7 22. Ne1 Rh8 23. Ng2 Rb8 24. Ne3 Nb6 25. Qf3 Ng8 26. b3 cxb3 27. Rxb3 Nc4 28. Nxc4 Qxc4 29. Rb2 a4 30. Nf4 Rh7 31. Ng2 Be7 32. Bxe7 Nxe7 33. Rb4 Qc6 34. Rab1 Kf8 35. Rxa4 Rc8 36. Rab4 Qxc3 37. Qf6 Ng8 38. Qf4 Qxa3 39. R4b3 Qa4 40. Rxb5 Ne7 41. Ne1 Nf5 42. Nf3 Qc2 43. Qg5 Qa4 44. Rb7 Nxd4 45. Qe7+ Kg8 46. Ng5 1-0

[Event "FICGS W-ch st1 gN 01 email"]
[Site "FICGS email"]
[Date "2020.11.05"]
[Round "1"]
[White "Gray, Garvin"]
[Black "Gounant, Stanislas"]
[Result "1/2-1/2"]
[WhiteElo "2252"]
[BlackElo "2198"]
[PlyCount "55"]
[EventDate "2020.??.??"]
[EventType "tourn (corr)"]
[EventRounds "6"]
[SourceTitle "Corr 2022"]
[Source "ChessBase"]
[SourceDate "2021.10.24"]
[SourceVersion "1"]
[SourceVersionDate "2021.10.24"]
[SourceQuality "1"]

1. d4 d5 2. c4 c6 3. Nf3 Nf6 4. Nc3 e6 5. Bg5 dxc4 6. e4 b5 7. e5 h6 8. Bh4 g5 9. Nxg5 hxg5 10. Bxg5 Nbd7 11. exf6 Bb7 12. g3 Qb6 13. Bg2 0-0-0 14. 0-0 c5 15. d5 b4 16. Na4 Qb5 17. a3 Nb8 18. axb4 cxb4 19. Qg4 Bxd5 20. Rfc1 Nc6 21. Bxd5 Rxd5 22. Rxc4 Rxg5 23. Qd4 Kb8 24. Rxc6 Rxg3+ 25. fxg3 Qxc6 26. Rd1 Qc7 27. b3 Kc8 28. Qe4 1/2-1/2